000 02147nam a22002057a 4500
008 250602b ||||| |||| 00| 0 spa d
020 _a84-95294-44-3
040 _aAR-FvUNAJ
_dAR-FvUNAJ
_eaacr2
082 1 4 _214
_a371.19
100 1 _92364
_aMilstein, Diana
245 1 0 _aHigiene, autoridad y escuela :
_bmadres, maestras y médicos. Un estudio acerca del deterioro del Estado /
_cDiana Milstein.
260 _aBuenos Aires :
_bMiño y Dávila,
_c2003.
300 _a159 p.
520 _aEn una escuela rural del Alto Valle de Río Negro, algunos alumnos enfermaron de hepatitis. Varias madres demandaron en vano una serie de medidas a las autoridades. Este fue el punto de partida de un intenso conflicto que involucró madres, maestras, médicos, agentes sanitarios, autoridades escolares y sanitarias.Corría el año 1999, y la crisis de legitimidad del Estado provincial tuvo manifestaciones inesperadas en el interior de la vida escolar. La etnografía de este proceso –interpretado como drama social– reconstruye la compleja pugna de interpretaciones y resignificaciones que están experimentando, en un contexto de crisis, las relaciones entre la escuela y el hogar, lo público y lo privado. El minucioso análisis de las distintas acciones y discursos de los actores, le ha permitido a la autora identificar algunos rasgos centrales de la crisis social y del Estado, refractados en este caso particular. El debilitamiento de la autoridad pedagógica escolar es leído de una manera original a través de los vínculos entre la escuela y la salud como cuestión pública, evidenciando la larga incidencia histórica del Higienismo en la construcción de la escuela como institución del Estado. En constante diálogo con autores centrales del campo antropológico, este libro propone una perspectiva de abordaje que alumbra de manera inédita algunas de las facetas menos exploradas de la vida cotidiana de las escuelas primarias.
650 0 _97242
_aESTADO Y EDUCACION
650 0 _921512
_aRELACION ESCUELA-COMUNIDAD
650 0 _9668
_aSALUD
942 _2ddc
_cLIBRO
980 _62
_aVirginia Figueroa
_82
_gVirginia Figueroa
999 _c10954
_d10954